000 00583nam a22002177a 4500
001 00028868
005 20260423191923.0
008 260423b ag ||||| |||| 00| 0 spa d
020 _a8441305463
040 _aAR-CcCEOS
_bspa
_cAR-CcCEOS
041 _aspa
080 _a94(32)
090 _bCAS v.2
100 1 _aCasson, Lionel,
_d1914-2009
_91113
245 _aEgipto Antiguo :
_bVolumen II /
_cLionel Casson
264 _aBarcelona :
_bFolio,
_cc1997.
300 _a185 p. ;
_c24x18 cm.
490 _vAtlas culturales del mundo
655 0 _aarte
_9138
942 _2udc
_cBK
_n0
999 _c28910
_d28910